<?xml version="1.0" encoding="UTF-8"?>
<collection xmlns="http://www.loc.gov/MARC21/slim">
 <record>
  <leader>00537nam a22001575a 4500</leader>
  <controlfield tag="001">EHU.bham013294</controlfield>
  <controlfield tag="003">AR-BHAM</controlfield>
  <controlfield tag="005">20100226162817.0</controlfield>
  <controlfield tag="008">130507s1954##################000#0#####d</controlfield>
  <datafield tag="082" ind1="9" ind2="7">
   <subfield code="a">973.07</subfield>
  </datafield>
  <datafield tag="100" ind1="1" ind2=" ">
   <subfield code="a">Commager, Henry Steele</subfield>
  </datafield>
  <datafield tag="245" ind1="1" ind2="0">
   <subfield code="a">America in perspective, abridged :</subfield>
   <subfield code="b">the united states through foreing eyes /</subfield>
   <subfield code="c">Henry Steele Commager</subfield>
  </datafield>
  <datafield tag="260" ind1=" " ind2=" ">
   <subfield code="a">New York :</subfield>
   <subfield code="b">The New American Library,</subfield>
   <subfield code="c">1954</subfield>
  </datafield>
  <datafield tag="300" ind1=" " ind2=" ">
   <subfield code="a">223 p.</subfield>
  </datafield>
  <datafield tag="653" ind1=" " ind2=" ">
   <subfield code="a">Historia de eeuu-estudios</subfield>
  </datafield>
  <datafield tag="859" ind1=" " ind2=" ">
   <subfield code="a">AR-BHAM</subfield>
   <subfield code="b">BIB. HUMANIDADES - General</subfield>
   <subfield code="h">973.07</subfield>
   <subfield code="i">C73</subfield>
   <subfield code="p">770.62</subfield>
   <subfield code="t">Ej.1</subfield>
  </datafield>
 </record>
</collection>
